| 000 | 00519nam a2200217 a 4500 | ||
|---|---|---|---|
| 001 | nice12345678 | ||
| 003 | IN_TiNIC | ||
| 005 | 20260116013343.0 | ||
| 008 | 070828s1998 dela grp 000 0 eng | ||
| 020 |
_a _c150 |
||
| 082 | 0 | 0 |
_a297.124 _bBAR |
| 100 | _aBari, Abdul Fattah Jamil | ||
| 245 | _aGolden Tales of the Prophet | ||
| 260 |
_aDelhi _bAdam Publishers _c1998 |
||
| 300 | _a262p | ||
| 500 | _aincludes index and biblioraphy | ||
| 650 | _aHadith | ||
| 902 | _bSRC | ||
| 942 | _cBK | ||
| 999 |
_c10678 _d10678 |
||